Szczegóły MARC21

Obszary integracji Unii Europejskiej : wybrane zagadnienia /

003 -Nazwa inst., której nr kontr. jest w polu 001 [,]
    • @
    • Nazwa instytucji, której n kontrolny jest w polu 001
    • NUKAT
005 -DATA I CZAS OSTATNIEJ MODYFIKACJI [,]
    • @
    • pole kontrolne
    • 20241231105040.0
020 -Międzynarod. znormalizowany nr książki - ISBN [ , ]
    • a
    • Numer ISBN
    • 9788374310826 Find
040 -Instytucja sporządzająca opis [ , ]
    • a
    • Instytucja, która sporządziła opis (NP)
    • TOR U/MS
    • c
    • Instytucja, która sporządziła rekord (NP)
    • TOR U/MS
    • d
    • Instytucja, która zmodyfikowała rekord (P)
    • TOR U/LF
    • d
    • Instytucja, która zmodyfikowała rekord (P)
    • WA U/JKs
942 -Rodzaj dokumentu [ , ]
    • c
    • Rodzaj dokumentu
    • Książka
245 -Strefa tytułu i oznaczenia odpowiedzialności [0,0]
    • a
    • Tytuł
    • Obszary integracji Unii Europejskiej : Find
    • b
    • Ciąg dalszy tytułu (NP)
    • wybrane zagadnienia / Find
    • c
    • Pozostałe elementy strefy tytułu i oznaczenia odpowiedzialności (NP)
    • Elżbieta Sulima (red.) ; [Marek Proniewski et al.] ; Uniwersytet w Białymstoku. Wydział Ekonomiczny.
260 -Strefa adresu wydawniczego [ , ]
    • a
    • Miejsce wydania (P)
    • Białystok :
    • b
    • Nazwa wydawcy (P)
    • Wydawnictwo Uniwersytetu,
    • c
    • Data wydania (P)
    • 2006.
300 -Strefa opisu fizycznego [ , ]
    • a
    • Określenie formy książki i/lub objętość (NP)
    • 256, [1] s. ;
    • c
    • Format (NP)
    • 24 cm.
336 -Typ zawartości [ , ]
    • a
    • Termin opisujący typ zawartości
    • Tekst
    • b
    • Kod określający zawartość
    • txt
    • 2
    • Źródło (terminu i kodu)
    • rdacontent
337 -Typ mediów [ , ]
    • a
    • Tryb odtwarzania
    • Bez urządzenia pośredniczącego
    • b
    • Kod typu mediów
    • n
    • 2
    • Źródło (terminu i kodu)
    • rdamedia
338 -Typ/rodzaj nośnika [ , ]
    • a
    • Hasło opisujące typ nośnika
    • Wolumin
    • b
    • Kod typu nośnika
    • nc
    • 2
    • Źródło (terminu i kodu)
    • rdacarrier
500 -Uwaga ogólna [ , ]
    • a
    • Uwaga ogólna (NP)
    • Nazwy aut. na 4 s. okł.
504 -Uwaga dot. bibliogr. załącznikowej [ , ]
    • a
    • Uwaga dot. bibliografii załącznikowej
    • Bibliogr. przy rozdz.
080 -Uniwersalna Klasyfikacja Dziesiętna [ , ]
    • 2
    • Identyfikator wydania tablic
    • UDC-P022
    • a
    • Symbol klasyfikacji
    • 339.923:061.1UE](4-67)
    • b
    • Dopowiedzenie
    • Organizacje rządowe. Organizacje międzynarodowe (rządowe). Unia Europejska.
    • x
    • Poddział wspólny
    • (07)
    • b
    • Dopowiedzenie
    • (Wydawnictwa dydaktyczne. Podręczniki).
    • x
    • Poddział wspólny
    • "1989/..."
080 -Uniwersalna Klasyfikacja Dziesiętna [ , ]
    • 2
    • Identyfikator wydania tablic
    • UDC-P022
    • a
    • Symbol klasyfikacji
    • 339.92
    • b
    • Dopowiedzenie
    • Międzynarodowa współpraca gospodarcza. Międzynarodowa integracja gospodarcza.
    • x
    • Poddział wspólny
    • (07)
    • b
    • Dopowiedzenie
    • (Wydawnictwa dydaktyczne. Podręczniki).
610 -Hasło przedmiotowe w formie nazwy ciała zbiorowego [2,7]
    • a
    • Nazwa ciała zbiorowego lub nazwa geograficzna
    • Unia Europejska.
    • 2
    • Źródło terminu
    • kaba
    • 9
    • KHW
    • 255561
610 -Hasło przedmiotowe w formie nazwy ciała zbiorowego [2,7]
    • a
    • Nazwa ciała zbiorowego lub nazwa geograficzna
    • Unia Europejska
    • z
    • Określnik geograficzny
    • Polska
    • y
    • Określnik chronologiczny
    • 1990-.
    • 2
    • Źródło terminu
    • kaba
    • 9
    • KHW
    • 350291
651 -Hasło przedmiotowe w formie nazwy geograficznej [ ,7]
    • a
    • Nazwa geograficzna
    • Europa
    • x
    • Określnik rzeczowy
    • zjednoczenie
    • y
    • Określnik chronologiczny
    • 1990-.
    • 2
    • Źródło terminu
    • kaba
    • 9
    • KHW
    • 352180
980 -Symbol UKD [ , ]
    • a
    • UKD
    • 339.923:061.1UE](4-67)"1989/..."(07):339.92(07)
700 -Hasło dodatkowe - nazwa osobowa [1, ]
    • a
    • Nazwa osobowa (NP)
    • Sulima, Elżbieta. Find
    • e
    • Określenie rodzaju współpracy
    • Red.
    • 9
    • KHW
    • 583097
700 -Hasło dodatkowe - nazwa osobowa [1, ]
    • a
    • Nazwa osobowa (NP)
    • Proniewski, Marek Find
    • d
    • Daty biograficzne (NP)
    • (1958- ).
    • 9
    • KHW
    • 46697
710 -Hasło dodatkowe - nazwa ciała zbiorowego [2, ]
    • a
    • Nazwa ciała zbiorowego lub nazwa geograficzna jako pierwszy element (NP)
    • Uniwersytet (Białystok).
    • b
    • Nazwa jednostki podrzędnej (P)
    • Wydawnictwo.
    • 4
    • Kod relacji
    • pbl
    • 9
    • KHW
    • 55558
920 -ISBN [ , ]
    • a
    • ISBN
    • 978-83-7431-082-6 Find
Lokalizacja Data inwentaryzacji Status udost. Numer inwentarzowy
T2007-03-15-2T.9400